[Event "8th ch-Euro"]
[Site "Dresden GER"]
[Date "2007.04.04"]
[Round "2"]
[White "Motylev,A"]
[Black "Borriss,M"]
[Result "1-0"]
[WhiteElo "2647"]
[BlackElo "2463"]

1.e4 e5 2.Nf3 Nf6 3.Nxe5 d6 4.Nf3 Nxe4 5.Nc3 Nf6 6.d4 Be7 7.Bg5 Bf5 8.Qd2 Ne4
9.Nxe4 Bxe4 10.Bxe7 Qxe7 11.O-O-O Bxf3 12.Re1 Be4 13.Qf4 f5 14.f3 g5 15.Qg3 d5
16.fxe4 fxe4 17.Qb3 Qd6 18.Qxb7 O-O 19.Qxa8 Nc6 20.Qb7 Rb8 21.Qa6 Rxb2 22.c3 Rb6
23.Qa4 Nxd4 24.cxd4 Qf4+ 25.Kc2  1-0

[Event "8th ch-Euro"]
[Site "Dresden GER"]
[Date "2007.04.05"]
[Round "3"]
[White "Motylev,A"]
[Black "Cvitan,O"]
[Result "1-0"]
[WhiteElo "2647"]
[BlackElo "2536"]

1.e4 c6 2.d4 d5 3.e5 Bf5 4.Nf3 e6 5.Be2 Nd7 6.O-O Bg6 7.Nbd2 Nh6 8.Ne1 Be7
9.Nd3 O-O 10.Nf4 c5 11.Nxg6 hxg6 12.c3 cxd4 13.cxd4 Qb6 14.Nf3 Nb8 15.h3 Nc6
16.g4 Rac8 17.Rb1 Rc7 18.Be3 Rfc8 19.b4 a5 20.bxa5 Qxa5 21.a4 Qa7 22.Qb3 Nb4
23.Bd1 Bf8 24.Bd2 Nc2 25.Bxc2 Rxc2 26.Rfc1 Rxc1+ 27.Bxc1 Rc4 28.Bd2 b6 29.Qxb6 Qxa4
30.Qd8  1-0

[Event "8th ch-Euro"]
[Site "Dresden GER"]
[Date "2007.04.06"]
[Round "4"]
[White "Halkias,S"]
[Black "Motylev,A"]
[Result "1/2-1/2"]
[WhiteElo "2583"]
[BlackElo "2647"]

1.d4 d5 2.c4 c6 3.Nc3 Nf6 4.Nf3 e6 5.Bg5 h6 6.Bxf6 Qxf6 7.Qc2 Nd7 8.e4 dxe4
9.Qxe4 Bd6 10.c5 Bc7 11.Bd3 Qf4 12.Qe2 O-O 13.g3 Qf6 14.Ne4 Qe7 15.O-O f5
16.Ned2 e5 17.Nh4 e4 18.Ng6 Qf6 19.Bc4+ Kh7 20.Nxf8+ Nxf8 21.d5 cxd5 22.Bxd5 Be6
23.Bxb7 Rb8 24.Qa6 Qxb2 25.Nb3 Qe5 26.Qxa7 Ng6 27.f4 Qc3 28.c6 Bxb3 29.axb3 Rd8
30.Kh1 e3 31.Rae1 Rd3 32.Re2 Qxb3 33.Qa2 Qb5 34.Rc1 Ra3 35.Qc4 Qa5 36.Qc5 Qxc5
37.Rxc5 Ne7 38.Kg2 g5 39.Kf3 g4+ 40.Kg2 Kg6 41.Rb5 Rc3 42.Rbb2 Nd5 43.Bc8 Kf6
44.Bd7 Rd3 45.Bc8 h5  1/2-1/2

[Event "8th ch-Euro"]
[Site "Dresden GER"]
[Date "2007.04.08"]
[Round "6"]
[White "Stocek,J"]
[Black "Motylev,A"]
[Result "1/2-1/2"]
[WhiteElo "2566"]
[BlackElo "2647"]

1.c4 e5 2.Nc3 Nf6 3.Nf3 Nc6 4.e3 Bb4 5.Qc2 Bxc3 6.Qxc3 Qe7 7.d4 exd4 8.Nxd4 Nxd4
9.Qxd4 c5 10.Qh4 d5 11.Bd2 dxc4 12.Bxc4 Ne4  1/2-1/2

[Event "8th ch-Euro"]
[Site "Dresden GER"]
[Date "2007.04.12"]
[Round "9"]
[White "Motylev,A"]
[Black "Van den Doel,E"]
[Result "1/2-1/2"]
[WhiteElo "2642"]
[BlackElo "2580"]

1.e4 e5 2.Nf3 Nc6 3.Bb5 Nf6 4.O-O Nxe4 5.d4 Nd6 6.Bxc6 dxc6 7.dxe5 Nf5 8.Qxd8+ Kxd8
9.Nc3 Bd7 10.Bf4 Kc8 11.Rfd1 Be7 12.g4 Nh4 13.Nxh4 Bxh4 14.f3 a5 15.Kg2 Re8
16.Ne4 Be7 17.Rd2 Be6 18.a3 a4 19.Rad1  1/2-1/2

[Event "8th ch-Euro"]
[Site "Dresden GER"]
[Date "2007.04.13"]
[Round "10"]
[White "Solak,D"]
[Black "Motylev,A"]
[Result "1/2-1/2"]
[WhiteElo "2575"]
[BlackElo "2642"]

1.d4 Nf6 2.c4 e6 3.Nf3 d5 4.Nc3 c6 5.e3 a6 6.b3 Bb4 7.Bd2 Nbd7 8.c5 Ba5 9.Qc2 Qe7
10.Bd3 e5 11.dxe5 Nxe5 12.Nxe5 Qxe5 13.O-O Bc7 14.f4 Qe7 15.Ne2 O-O 16.Nd4 Re8
17.h3 Qf8 18.Nf3 h6 19.b4 Ne4 20.Bc3 Nxc3 21.Qxc3 Rxe3 22.Bh7+ Kxh7 23.Qxe3 Bf5
24.Rae1 Be4 25.f5 a5 26.a3 axb4 27.axb4 Ra4 28.Qb3 Qa8 29.Rxe4 dxe4 30.Qxf7 Ra1
31.Qxc7 Rxf1+ 32.Kxf1 exf3 33.gxf3 Qa1+ 34.Kg2 Qb2+ 35.Kg3 Qxb4 36.Qe7 Qd4
37.Qe4 Qg1+ 38.Kf4 Qg5+ 39.Ke5 Qf6+ 40.Kf4 Qg5+ 41.Ke5 Qf6+  1/2-1/2

[Event "8th ch-Euro T/B Qualification"]
[Site "Dresden GER"]
[Date "2007.04.15"]
[Round "1.2"]
[White "Hracek,Z"]
[Black "Motylev,A"]
[Result "1-0"]
[WhiteElo "2613"]
[BlackElo "2642"]

1.e4 e5 2.Nf3 Nf6 3.d4 Nxe4 4.Bd3 d5 5.dxe5 Nc5 6.O-O Be7 7.Nc3 Nxd3 8.Qxd3 c6
9.Nd4 O-O 10.f4 f5 11.Rd1 Na6 12.Nb3 Nc7 13.Be3 Ne6 14.Ne2 Kh8 15.c4 dxc4
16.Qxc4 Qe8 17.Rd2 Nc7 18.Nbd4 Nd5 19.Bf2 Bb4 20.Rd3 Ba5 21.a3 Bb6 22.Rad1 Qh5
23.b4 a6 24.Nf3 Bxf2+ 25.Kxf2 Be6 26.Qc5 h6 27.a4 Rfe8 28.a5 Qf7 29.g3 Nc7
30.Nc3 Bd5 31.Nxd5 Nxd5 32.h4 Qh5 33.Rd4 Re6 34.Qc2 Rf8 35.Qe2 Nc3 36.Qc4 Nxd1+
37.Rxd1 Qf7 38.h5 Ree8 39.Qxf7 Rxf7 40.Nh4 Kg8 41.Ke3 Rc8 42.Rd6 c5 43.e6 Rf6
44.bxc5 Re8 45.Kd4 Rexe6 46.Nxf5 Kf8 47.g4 Rxd6+ 48.cxd6 Ke8 49.Nxg7+ Kd7
50.Nf5 b6 51.axb6 Kc6 52.Ke5 Rf8 53.Ke6 Re8+ 54.Ne7+ Kxb6 55.d7 Rd8 56.Kd6 a5
57.Nd5+ Kb5 58.Ke7  1-0

[Event "TCh-RUS"]
[Site "Sochi RUS"]
[Date "2007.05.02"]
[Round "1"]
[White "Motylev,A"]
[Black "Potkin,V"]
[Result "1/2-1/2"]
[WhiteElo "2642"]
[BlackElo "2593"]

1.e4 c5 2.Nf3 e6 3.d4 cxd4 4.Nxd4 Nc6 5.Nc3 a6 6.Be3 Nf6 7.f4 Bb4 8.Bd3 e5
9.Nxc6 dxc6 10.h3 exf4 11.Bxf4 Qd4 12.Bd2 Be6 13.Qe2 c5 14.Qf3 c4 15.Be2 O-O
16.O-O-O Qe5  1/2-1/2

[Event "TCh-RUS"]
[Site "Sochi RUS"]
[Date "2007.05.03"]
[Round "2"]
[White "Tomashevsky,E"]
[Black "Motylev,A"]
[Result "1-0"]
[WhiteElo "2641"]
[BlackElo "2642"]

1.Nf3 d5 2.c4 c6 3.e3 Nf6 4.Nc3 e6 5.b3 Bd6 6.Bb2 O-O 7.Be2 dxc4 8.bxc4 e5
9.d4 exd4 10.exd4 Bg4 11.O-O Nbd7 12.h3 Bh5 13.Nh4 Bxe2 14.Nxe2 Re8 15.Nf5 Bf8
16.Neg3 Qa5 17.Qc1 Ne4 18.d5 Qd2 19.Qxd2 Nxd2 20.dxc6 bxc6 21.Rfd1 Nxc4 22.Bxg7 Bxg7
23.Nxg7 Kxg7 24.Rxd7 Nb6 25.Rb7 Reb8 26.Rxb8 Rxb8 27.Rc1 Rc8 28.Nf5+ Kf8
29.Nd6 Rc7 30.Nb5 Rd7 31.Rxc6 Rd1+ 32.Kh2 Rd2 33.Nxa7 Rxa2 34.Nb5 Nd5 35.Kg3 Ne7
36.Rf6 Kg7 37.Rf3 Rd2 38.Nc3 f5 39.Kh2 h5 40.g3 Kg6 41.Kg2 Nd5 42.Nb5 Nb4
43.Kf1 Nd3 44.Nc3 Ne5 45.Re3 Kf6  1-0

[Event "TCh-RUS"]
[Site "Sochi RUS"]
[Date "2007.05.06"]
[Round "5"]
[White "Motylev,A"]
[Black "Iskusnyh,S"]
[Result "1-0"]
[WhiteElo "2642"]
[BlackElo "2463"]

1.e4 c5 2.Nf3 d6 3.d4 cxd4 4.Nxd4 Nf6 5.Nc3 a6 6.Be3 e5 7.Nb3 Be6 8.Qd2 Nbd7
9.f4 b5 10.O-O-O Be7 11.f5 Bc4 12.g4 Nxg4 13.Rg1 h5 14.Kb1 Bxf1 15.Rdxf1 Ndf6
16.a3 a5 17.Bg5 b4 18.Bxf6 bxc3 19.Bxe7 cxd2 20.Bxd8 Rxd8 21.Nxd2 Nxh2 22.Rd1 d5
23.exd5 Rxd5 24.Nc4 Rxd1+ 25.Rxd1 Ng4 26.Nxa5 Ke7 27.Nc6+ Kf6 28.a4 h4 29.a5 h3
30.a6 Ne3 31.Rh1 Nc4 32.a7 Nb6 33.c4 Kxf5 34.c5 Na8 35.b4 Nc7 36.Nb8 g5 37.b5 g4
38.b6 g3 39.bxc7 g2 40.a8=Q  1-0

[Event "TCh-RUS"]
[Site "Sochi RUS"]
[Date "2007.05.07"]
[Round "6"]
[White "Iljin,A"]
[Black "Motylev,A"]
[Result "1/2-1/2"]
[WhiteElo "2538"]
[BlackElo "2642"]

1.d4 d5 2.c4 c6 3.Nf3 Nf6 4.e3 Bf5 5.Nc3 e6 6.Nh4 Bg6 7.Be2 Nbd7 8.O-O dxc4
9.Nxg6 hxg6 10.Bxc4 Nb6 11.Be2 Bd6 12.g3 e5 13.Bf3 O-O 14.a4 exd4 15.exd4 Qd7
16.a5 Nbd5 17.a6 Rab8 18.axb7 Rxb7 19.Bg2 Rb4 20.Qd3 Re8 21.Ra6 Bf8 22.Rd1 Rd8
23.Qc2 Ne7 24.Ne2 Qb7 25.Ra4 Rb6 26.Rc4 Ned5 27.Nc3 Nb4 28.Qe2 Qa6 29.Bf1 Qa5
30.Qe5 Ra6 31.Bg5 Re8 32.Qxa5 Rxa5 33.Bd2 Rd8 34.Rc1 c5 35.Ne2 Rb5 36.Ra1 Nc6
37.Bc3 Nd5 38.Bg2 a5 39.Nf4 Nxf4 40.Bxc6 Ne2+ 41.Kf1 Nxc3 42.Bxb5 Nxb5 43.dxc5 Ra8
44.Rca4 Rb8 45.Rxa5 Nc7 46.R1a2 Rb4 47.b3 Rxb3 48.Rc2 Rb8 49.Ra7 Rc8 50.c6  1/2-1/2

[Event "TCh-ESP Honor Gp1"]
[Site "Lugo ESP"]
[Date "2007.06.21"]
[Round "2"]
[White "Socko,B"]
[Black "Motylev,A"]
[Result "1/2-1/2"]
[WhiteElo "2641"]
[BlackElo "2642"]

1.e4 c6 2.d4 d5 3.e5 Bf5 4.Be3 e6 5.Nd2 Qb6 6.Nb3 a5 7.a4 Bb4+ 8.c3 Be7 9.Be2 Nd7
10.Nf3 Bd8 11.O-O Ne7 12.c4 Bg4 13.c5 Qa7 14.h3 Bxf3 15.Bxf3 b6 16.cxb6 Bxb6
17.Rc1 O-O 18.Rc3 Rac8 19.g4 c5 20.dxc5 Nxc5 21.Nxc5 Rxc5 22.Bxc5 Bxc5 23.Qc2 Bb4
24.Rc7 Qd4 25.Qe2 Ng6 26.Rd1 Qxe5 27.Qxe5 Nxe5 28.Be2 g5 29.Rdc1 Ng6 30.Rc8 Nf4
31.Kf1 Nxh3 32.Rxf8+ Kxf8 33.Rc8+ Ke7 34.Rc7+ Ke8 35.Bb5+ Kf8 36.Rb7 Nf4
37.Rb8+ Ke7 38.Rb7+ Kf8 39.Rb8+ Ke7 40.Rb7+ Kf8  1/2-1/2

[Event "TCh-ESP Honor Gp1"]
[Site "Lugo ESP"]
[Date "2007.06.22"]
[Round "3"]
[White "Motylev,A"]
[Black "Dreev,A"]
[Result "1-0"]
[WhiteElo "2642"]
[BlackElo "2633"]

1.e4 c5 2.Nf3 Nc6 3.d4 cxd4 4.Nxd4 Nf6 5.Nc3 d6 6.Bg5 Bd7 7.Qd2 h6 8.Bxf6 gxf6
9.O-O-O Nxd4 10.Qxd4 Qa5 11.f4 Rc8 12.Kb1 Qc5 13.Qd3 f5 14.exf5 Bxf5 15.Qg3 Qb4
16.Rd5 Be4 17.Qg4 f5 18.Qg6+ Kd8 19.a3 Qb3 20.Bd3 Bxd3 21.Rxd3 Qg8 22.Qxf5 Qxg2
23.Rhd1 Rg8 24.Rg3  1-0

[Event "GM"]
[Site "Biel SUI"]
[Date "2007.07.23"]
[Round "1"]
[White "Grischuk,A"]
[Black "Motylev,A"]
[Result "1/2-1/2"]
[WhiteElo "2726"]
[BlackElo "2648"]

1.d4 d5 2.c4 c6 3.Nf3 Nf6 4.Nc3 dxc4 5.a4 Bf5 6.e3 e6 7.Bxc4 Bb4 8.O-O O-O
9.h3 h6 10.Qe2 Bh7 11.Rd1 Nbd7 12.Bd3 Qe7 13.e4 e5 14.dxe5 Nxe5 15.Nxe5 Qxe5
16.f4 Qa5 17.e5 Bxc3 18.bxc3 Qxc3 19.Ra3 Bxd3 20.Qxd3 Qxd3 21.Raxd3 Nd5 22.f5 Rfe8
23.Rg3 Rxe5 24.Bb2 Rxf5 25.Rxg7+ Kf8 26.Rh7 Ke7 27.g4 Rg8 28.Re1+ Kd7 29.Rf1 Rxf1+
30.Kxf1 Ke6 31.Rxh6+ Rg6 32.Rh8 Ne3+ 33.Ke1 Kd5 34.Bc1 Nxg4 35.hxg4 Rxg4
36.a5 b6 37.Ra8 Re4+ 38.Kd2 Re7 39.axb6 axb6 40.Rb8 b5 41.Kd3  1/2-1/2

[Event "GM"]
[Site "Biel SUI"]
[Date "2007.07.24"]
[Round "2"]
[White "Motylev,A"]
[Black "Pelletier,Y"]
[Result "1/2-1/2"]
[WhiteElo "2648"]
[BlackElo "2591"]

1.e4 c5 2.Nf3 e6 3.d4 cxd4 4.Nxd4 Nc6 5.Nc3 Qc7 6.Be3 a6 7.Qd2 Nf6 8.O-O-O Bb4
9.f3 Ne5 10.Nb3 b5 11.Kb1 Nc4 12.Bxc4 bxc4 13.Nd4 Rb8 14.Ka1 O-O 15.Nde2 d6
16.a3 Qa5 17.Qc1 d5 18.exd5 Nxd5 19.Nxd5 exd5 20.Bd2 Be6 21.Bxb4 Rxb4 22.Qd2 Rfb8
23.Rhe1 d4 24.Nxd4 c3 25.Qxc3 Rxb2 26.Qxb2 Rxb2 27.Kxb2 Qb6+ 28.Ka1 Qd6 29.Rd3 Qxh2
30.Nxe6 fxe6 31.Re2 Qg1+ 32.Ka2 Qc5 33.Rde3 Qc4+ 34.Ka1 Qd4+ 35.Kb1 Qd1+
36.Kb2 Qd4+ 37.Kc1 a5 38.Rd3 Qc5 39.Rde3 Qd4 40.Rd3 Qc5 41.f4 Qc4 42.g3 h5
43.Re5 h4 44.gxh4 Qxf4+ 45.Rde3 Qxh4 46.Rxa5 Qd4 47.Ra8+ Kf7 48.Rf3+ Ke7
49.Rb8 Qe4 50.Rfb3 Qe1+ 51.Kb2 Qe5+ 52.Ka2 g5 53.R8b5  1/2-1/2

[Event "GM"]
[Site "Biel SUI"]
[Date "2007.07.25"]
[Round "3"]
[White "Van Wely,L"]
[Black "Motylev,A"]
[Result "0-1"]
[WhiteElo "2680"]
[BlackElo "2648"]

1.c4 e5 2.g3 Nc6 3.Bg2 g6 4.Nc3 Bg7 5.e4 d6 6.Nge2 Be6 7.d3 Nh6 8.h4 Nd4
9.Nxd4 exd4 10.Nd5 Ng4 11.Bh3 Nf6 12.Bg5 c6 13.Nxf6+ Bxf6 14.Bxe6 fxe6 15.Qg4 Kd7
16.Bd2 Rg8 17.h5 g5 18.b4 Qe7 19.Ke2 Raf8 20.Rhc1 Be5 21.c5 Rg7 22.Rab1 Rgf7
23.Be1 b6 24.a4 Rf6 25.Rc2 Qf7 26.Kd1 Rh6 27.Rbc1 bxc5 28.bxc5 Rxh5 29.cxd6 Rh1
30.Qe2 Bxd6 31.Rxc6 Qxf2 32.Qxf2 Rxf2 33.R6c4 Bxg3 34.Rxd4+ Ke7 35.e5 Rxe1+
36.Kxe1 Rf4+ 37.Ke2 Rxd4 38.Rc7+  0-1

[Event "GM"]
[Site "Biel SUI"]
[Date "2007.07.28"]
[Round "5"]
[White "Bu Xiangzhi"]
[Black "Motylev,A"]
[Result "1-0"]
[WhiteElo "2685"]
[BlackElo "2648"]

1.Nf3 d5 2.d4 Nf6 3.c4 c6 4.Qc2 dxc4 5.Qxc4 Bf5 6.g3 e6 7.Bg2 Be7 8.O-O O-O
9.Nc3 Nbd7 10.Re1 Bg6 11.e4 b5 12.Qxc6 b4 13.e5 Rc8 14.Qa6 bxc3 15.exf6 Bxf6
16.bxc3 Rxc3 17.Qxa7 Nb8 18.Ne5 Bxe5 19.dxe5 Nc6 20.Qa4 Qc7 21.Be3 Rc8 22.Qb5 Rb8
23.Qa6 Bd3 24.Qa4 Bc2 25.Qh4 Nb4 26.Qd4 Nd3 27.Re2 Bb1 28.h3 h5 29.a4 Rcb3
30.a5 R3b4 31.Qd6 Qc3 32.Ra4 Qxe5 33.Qxe5 Nxe5 34.Rxb4 Rxb4 35.a6 Be4 36.Bxe4 Rxe4
37.a7 Ra4 38.Rc2 Nf3+ 39.Kf1  1-0

[Event "GM"]
[Site "Biel SUI"]
[Date "2007.07.31"]
[Round "7"]
[White "Avrukh,B"]
[Black "Motylev,A"]
[Result "1/2-1/2"]
[WhiteElo "2645"]
[BlackElo "2648"]

1.c4 e5 2.g3 Nf6 3.Bg2 d5 4.cxd5 Nxd5 5.Nf3 Nc6 6.O-O Nb6 7.Nc3 Be7 8.d3 O-O
9.Be3 f5 10.b4 Bd6 11.b5 Ne7 12.Qb3+ Kh8 13.Ng5 Qe8 14.a4 f4 15.Bd2 h6 16.Nf3 Nf5
17.a5 Be6 18.Qb2 Nd7 19.Ne4 Bd5 20.Bc3 Qe6 21.Bh3 Qe7 22.b6 Qe8 23.bxc7 Bxc7
24.Bb4 Qh5 25.Bg2 Rfe8 26.Rfc1 Rac8 27.Qc2 a6 28.Qa4 Red8 29.Qa3 Nb8 30.Bc3 Nc6
31.Qb2 Qe8 32.Bh3 Qh5 33.Bg2 Qe8 34.Bh3 Qh5 35.Bg2 Re8 36.Qxb7 Rb8 37.Qxc7 Re7
38.Qxb8+ Nxb8 39.Bxe5 Nc6 40.Bb2 Rb7 41.Rc2 Qe8 42.Rac1 Rb8 43.g4 Nfe7 44.Bc3 Bb3
45.Rb2 Be6 46.Rb6 Bxg4 47.Rxa6 Qh5 48.Rb6 Rxb6 49.axb6 Qb5 50.h3 Bxf3 51.Bxf3 Qxb6
52.Nc5 Qb8 53.Ne6 Ne5 54.Be4 f3 55.exf3 Qd6 56.Nxg7 Qa3 57.Rc2 Qb3 58.Rc1 Qa3
59.Rc2 Qb3  1/2-1/2

[Event "GM"]
[Site "Biel SUI"]
[Date "2007.08.02"]
[Round "9"]
[White "Motylev,A"]
[Black "Onischuk,Al"]
[Result "1/2-1/2"]
[WhiteElo "2648"]
[BlackElo "2650"]

1.e4 e5 2.Nf3 Nc6 3.Bb5 a6 4.Ba4 Nf6 5.O-O Be7 6.Re1 b5 7.Bb3 O-O 8.c3 d5
9.exd5 Nxd5 10.Nxe5 Nxe5 11.Rxe5 c6 12.d4 Bd6 13.Re1 Qh4 14.g3 Qh3 15.Re4 g5
16.Qf1 Qxf1+ 17.Kxf1 Bf5 18.Nd2 h6 19.Re1 Rae8 20.Nf3 g4 21.Ng1 Bd3+ 22.Ne2 Re6
23.Bxd5 cxd5 24.Be3 Rfe8 25.Red1 Be4 26.Nc1 h5 27.Nd3 Bf3 28.Re1 h4 29.Bf4 Be4
30.Ne5 Bf5 31.f3  1/2-1/2

[Event "60th ch-RUS Higher League"]
[Site "Krasnoyarsk RUS"]
[Date "2007.09.03"]
[Round "1"]
[White "Rychagov,A"]
[Black "Motylev,A"]
[Result "1/2-1/2"]
[WhiteElo "2557"]
[BlackElo "2648"]

1.d4 d5 2.c4 c6 3.Nf3 Nf6 4.e3 Bf5 5.Nc3 e6 6.Nh4 Bg6 7.Be2 Nbd7 8.O-O Be7
9.g3 O-O 10.Nxg6 hxg6 11.Qc2 dxc4 12.Bxc4 c5 13.dxc5 Nxc5 14.Rd1 Qc7 15.Be2 Nce4
16.Bd2 Bb4 17.Rac1 Nxd2 18.Qxd2 Rfd8 19.Qc2 Rxd1+  1/2-1/2

[Event "60th ch-RUS Higher League"]
[Site "Krasnoyarsk RUS"]
[Date "2007.09.04"]
[Round "2"]
[White "Motylev,A"]
[Black "Zakhartsov,V"]
[Result "1-0"]
[WhiteElo "2648"]
[BlackElo "2559"]

1.e4 e5 2.Nf3 Nc6 3.Bb5 a6 4.Ba4 Nf6 5.O-O Be7 6.Re1 b5 7.Bb3 d6 8.c3 O-O
9.h3 Nb8 10.d4 Nbd7 11.Nbd2 Bb7 12.Bc2 Re8 13.Nf1 Bf8 14.Ng3 g6 15.b3 c6
16.Bg5 Bg7 17.Qd2 Qc7 18.Bh6 Nf8 19.b4 Ne6 20.Bb3 Nd7 21.Bxg7 Kxg7 22.Bxe6 Rxe6
23.dxe5 dxe5 24.Rad1 Nb6 25.Nf5+ Kg8 26.Nh6+ Kg7 27.Nf5+ Kh8 28.Nd6 Kg8 29.Re3 Rf8
30.Rd3 Ba8 31.Qh6 f6 32.c4 c5 33.bxc5 Qxc5 34.Nh4 Qc7 35.c5 Na4 36.Ndf5 Qd8  1-0

[Event "60th ch-RUS Higher League"]
[Site "Krasnoyarsk RUS"]
[Date "2007.09.05"]
[Round "3"]
[White "Motylev,A"]
[Black "Potkin,V"]
[Result "1/2-1/2"]
[WhiteElo "2648"]
[BlackElo "2591"]

1.e4 c5 2.Nf3 e6 3.d4 cxd4 4.Nxd4 Nc6 5.Nc3 Qc7 6.Be3 a6 7.Qd2 Nf6 8.O-O-O Bb4
9.f3 O-O 10.g4 b5 11.Kb1 Bb7 12.g5 Ne8 13.a3 Be7 14.Bf4 Ne5 15.Bxb5 Bxa3
16.bxa3 axb5 17.Ndxb5 Qb8 18.Qd4 Nxf3  1/2-1/2

[Event "60th ch-RUS Higher League"]
[Site "Krasnoyarsk RUS"]
[Date "2007.09.06"]
[Round "4"]
[White "Lastin,A"]
[Black "Motylev,A"]
[Result "1/2-1/2"]
[WhiteElo "2583"]
[BlackElo "2648"]

1.e4 e5 2.Nf3 Nc6 3.Bb5 a6 4.Ba4 Nf6 5.O-O Nxe4 6.d4 b5 7.Bb3 d5 8.dxe5 Be6
9.Nbd2 Be7 10.c3 O-O 11.Bc2 f5 12.Nb3 Qd7 13.Nfd4 Nxd4 14.Nxd4 c5 15.Nxe6 Qxe6
16.f3 Ng5 17.a4 Rad8 18.axb5 axb5 19.Bxg5 Bxg5 20.f4 Be7 21.Kh1 Kh8 22.Ra7 d4
23.Qf3 dxc3 24.bxc3 Rd2 25.Bb1 Rd7 26.Rxd7 Qxd7 27.Rd1 Qc7 28.c4 bxc4 29.Qc3 Rd8
30.Rf1 g6 31.Qxc4 Qd7 32.Qa6 Qc8 33.Qc4  1/2-1/2

[Event "60th ch-RUS Higher League"]
[Site "Krasnoyarsk RUS"]
[Date "2007.09.09"]
[Round "6"]
[White "Motylev,A"]
[Black "Khairullin,I"]
[Result "1-0"]
[WhiteElo "2648"]
[BlackElo "2567"]

1.e4 e5 2.Nf3 Nc6 3.Nc3 Nf6 4.Bb5 Bb4 5.O-O O-O 6.d3 d6 7.Bxc6 bxc6 8.Ne2 Bc5
9.Bd2 a5 10.Ng3 Re8 11.h3 d5 12.Re1 Qd6 13.Bc3 d4 14.Bd2 Be6 15.Nxe5 Qxe5
16.f4 Qd6 17.e5 Qd8 18.exf6 Qxf6 19.Ne4 Qf5 20.g4 Qd5 21.f5 Bd7 22.a4 f6
23.Qf3 Bf8 24.b3 Kh8 25.Bf4 g6 26.Rf1 gxf5 27.Nxf6 Qxf3 28.Rxf3 fxg4 29.hxg4 Re7
30.Nxd7 Rxd7 31.Re1 Bd6 32.Re4 c5 33.Kf2 Kg8 34.Re6 Kf7 35.Re1 Kg7 36.Bd2 Re7
37.Rxe7+ Bxe7 38.Rf5 c6 39.Kf3 Kg6 40.Bf4 Ra7 41.Re5 Kf6 42.Ke4 Kf7 43.Rh5 Kg7
44.Rh6 Bf6 45.g5 Re7+ 46.Kf5  1-0

[Event "60th ch-RUS Higher League"]
[Site "Krasnoyarsk RUS"]
[Date "2007.09.10"]
[Round "7"]
[White "Vitiugov,N"]
[Black "Motylev,A"]
[Result "1/2-1/2"]
[WhiteElo "2608"]
[BlackElo "2648"]

1.d4 d5 2.c4 c6 3.Nf3 Nf6 4.Qc2 dxc4 5.Qxc4 Bf5 6.g3 e6 7.Bg2 Be7 8.O-O O-O
9.Nc3 Nbd7 10.Re1 Ne4 11.Qb3 Qb6 12.Nh4 Bxh4 13.gxh4 Ndf6 14.f3 Nxc3 15.bxc3 Qc7
16.e4 Bg6 17.a4 Nh5 18.a5 Rab8 19.Ba3 Rfd8 20.Qb2 b6 21.axb6  1/2-1/2

[Event "60th ch-RUS Higher League"]
[Site "Krasnoyarsk RUS"]
[Date "2007.09.11"]
[Round "8"]
[White "Grigoriants,S RUS"]
[Black "Motylev,A"]
[Result "1/2-1/2"]
[WhiteElo "2591"]
[BlackElo "2648"]

1.e4 e5 2.Nf3 Nf6 3.d4 Nxe4 4.Bd3 d5 5.Nxe5 Nd7 6.Nxd7 Bxd7 7.O-O Bd6 8.c4 c6
9.cxd5 cxd5 10.Nc3 Nxc3 11.bxc3 O-O 12.Qh5 g6 13.Qxd5 Qc7 14.Qf3 Qxc3 15.Qf6 Qc6
16.Bg5 Rfe8 17.Rac1 Re6 18.Rxc6 Rxf6 19.Rc3 Re6  1/2-1/2

[Event "60th ch-RUS Higher League"]
[Site "Krasnoyarsk RUS"]
[Date "2007.09.12"]
[Round "9"]
[White "Motylev,A"]
[Black "Amonatov,F"]
[Result "1/2-1/2"]
[WhiteElo "2648"]
[BlackElo "2598"]

1.e4 c5 2.Nf3 d6 3.d4 cxd4 4.Nxd4 Nf6 5.Nc3 a6 6.Bg5 e6 7.f4 Qb6 8.Qd2 Nc6
9.Bxf6 gxf6 10.Nb3 Bd7 11.Be2 h5 12.O-O-O O-O-O 13.Rhf1 Kb8 14.Rf3 Rc8 15.Kb1 Be7
16.h4 Na5 17.Nxa5  1/2-1/2

[Event "60th ch-RUS Higher League"]
[Site "Krasnoyarsk RUS"]
[Date "2007.09.13"]
[Round "10"]
[White "Tregubov,P"]
[Black "Motylev,A"]
[Result "1-0"]
[WhiteElo "2599"]
[BlackElo "2648"]

1.d4 Nf6 2.c4 e6 3.Nf3 d5 4.Nc3 c6 5.Bg5 h6 6.Bh4 dxc4 7.e4 g5 8.Bg3 b5 9.Be2 Bb7
10.h4 g4 11.Ne5 Nbd7 12.Nxd7 Qxd7 13.Be5 Qe7 14.b3 cxb3 15.axb3 a6 16.O-O h5
17.Re1 Bg7 18.d5 O-O 19.d6 Qd8 20.b4 Bh6 21.Bg3 Nd7 22.e5 c5 23.Bd3 cxb4
24.Ne4 Rc8 25.Qb1 Bxe4 26.Bxe4 a5 27.Qa2 a4 28.Qe2 Qb6 29.Bb1 Nc5 30.Qc2  1-0

[Event "60th ch-RUS Higher League"]
[Site "Krasnoyarsk RUS"]
[Date "2007.09.14"]
[Round "11"]
[White "Motylev,A"]
[Black "Romanov,E"]
[Result "1-0"]
[WhiteElo "2648"]
[BlackElo "2521"]

1.e4 e5 2.Nf3 Nc6 3.d4 exd4 4.Nxd4 Bc5 5.Nxc6 Qf6 6.Qf3 dxc6 7.Nc3 Be6 8.Qg3 O-O-O
9.Be3 Bd4 10.Bxd4 Rxd4 11.f4 Ne7 12.Bd3 Kb8 13.O-O Rdd8 14.f5 Bc8 15.e5 Qh6
16.Rae1 Nd5 17.Ne4 Rhe8 18.Qg5 Qxg5 19.Nxg5 f6 20.Nf7 Rd7 21.e6 Rde7 22.a3 b5
23.Rf3 Rg8 24.Kf2 Ree8 25.c4 bxc4 26.Bxc4 g6 27.Nh6 Rg7 28.g4 gxf5 29.gxf5 Ne7
30.Rg3 Rxg3 31.hxg3 Rd8 32.g4 Rd4 33.b3 c5 34.Kg3  1-0

[Event "TCh-ROU Superliga"]
[Site "Predeal ROU"]
[Date "2007.10.13"]
[Round "1"]
[White "Grigore,Ge"]
[Black "Motylev,A"]
[Result "1/2-1/2"]
[WhiteElo "2538"]
[BlackElo "2645"]

1.d4 d5 2.c4 e6 3.Nc3 c6 4.e3 Nf6 5.Nf3 Nbd7 6.Qc2 Bd6 7.Bd2 O-O 8.Bd3 a6
9.O-O dxc4 10.Bxc4 c5 11.Ne4 Nxe4 12.Qxe4 Nf6 13.Qh4 b5 14.dxc5 Bxc5 15.Bb3 Bb7
16.Rfd1 Ne4 17.Qxd8 Rfxd8 18.Ba5 Rxd1+ 19.Rxd1 Bf8 20.Ne5 Nc5 21.Nd7 Nxb3
22.axb3 Be7 23.b4 f5 24.f3 Bc6 25.Kf2 Bxd7  1/2-1/2

[Event "TCh-ROU Superliga"]
[Site "Predeal ROU"]
[Date "2007.10.14"]
[Round "2"]
[White "Motylev,A"]
[Black "Nisipeanu,LD"]
[Result "0-1"]
[WhiteElo "2645"]
[BlackElo "2668"]

1.e4 c5 2.Nf3 Nf6 3.Nc3 d5 4.Bb5+ Bd7 5.e5 d4 6.exf6 dxc3 7.Qe2 cxd2+ 8.Bxd2 gxf6
9.O-O-O Qb6 10.Bc4 Nc6 11.Rhe1 O-O-O 12.Bxf7 e5 13.c3 Kb8 14.Nh4 Bc8 15.Qh5 c4
16.Be3 Bc5 17.Rxd8 Rxd8 18.Qxh7 Bxe3+ 19.fxe3 Qc7 20.Bg6 Qxh7  0-1

[Event "TCh-ROU Superliga"]
[Site "Predeal ROU"]
[Date "2007.10.15"]
[Round "3"]
[White "Solak,D"]
[Black "Motylev,A"]
[Result "1/2-1/2"]
[WhiteElo "2568"]
[BlackElo "2645"]

1.d4 d5 2.c4 e6 3.Nc3 c6 4.e3 Nf6 5.Nf3 a6 6.c5 b6 7.cxb6 Nbd7 8.Na4 Nxb6
9.Bd2 Nxa4 10.Qxa4 Bd7 11.Ne5 c5 12.Nxd7 Qxd7 13.Qxd7+ Kxd7 14.dxc5 Bxc5
15.Rc1 Bd6  1/2-1/2

[Event "TCh-ROU Superliga"]
[Site "Predeal ROU"]
[Date "2007.10.16"]
[Round "4"]
[White "Motylev,A"]
[Black "Vajda,L"]
[Result "1/2-1/2"]
[WhiteElo "2645"]
[BlackElo "2564"]

1.e4 e5 2.Nf3 Nc6 3.Bb5 a6 4.Ba4 Nf6 5.O-O Be7 6.Re1 b5 7.Bb3 O-O 8.c3 d5
9.exd5 Nxd5 10.Nxe5 Nxe5 11.Rxe5 c6 12.d4 Bd6 13.Re1 Qh4 14.g3 Qh3 15.Qe2 Bg4
16.Qf1 Qh5 17.Nd2 Rae8 18.f3 Bh3 19.Qf2 Rxe1+ 20.Qxe1 Nf6 21.Qf2 Re8 22.Nf1 Qg6
23.Bd2 h5 24.Re1 Rxe1 25.Bxe1 Qb1 26.a4 Kf8 27.axb5 axb5 28.Ne3 c5 29.Nd1 c4
30.Bc2 Qa1 31.b3 cxb3 32.Bxb3 Be6 33.Bxe6 Qxd1 34.Bf5 Nd5 35.Bc2 Qa1 36.Qd2 b4
37.c4 b3 38.Bxb3 Bb4 39.Qd1 Qxd1 40.Bxd1 Bxe1 41.cxd5 Ke7 42.Kf1 Bc3 43.h4 Bxd4
44.f4 g6 45.Ba4 Kd6 46.Ke2 Kxd5 47.Bb3+ Ke4 48.Bxf7  1/2-1/2

[Event "TCh-ROU Superliga"]
[Site "Predeal ROU"]
[Date "2007.10.18"]
[Round "6"]
[White "Motylev,A"]
[Black "Kruppa,Y"]
[Result "1/2-1/2"]
[WhiteElo "2645"]
[BlackElo "2533"]

1.e4 e6 2.d4 d5 3.Nc3 Bb4 4.e5 c5 5.a3 Bxc3+ 6.bxc3 Nc6 7.Qg4 g6 8.h4 h6
9.h5 g5 10.f4 Qa5 11.Bd2 f5 12.Qg3 g4 13.dxc5 Qxc5 14.Bd3 Nge7 15.Ne2 Bd7
16.Be3 Qa5 17.O-O O-O 18.Rfb1 Nd8 19.Qf2 Rf7 20.a4 Nec6 21.c4 Nb4 22.Qe1 Ndc6  1/2-1/2

[Event "TCh-ROU Superliga"]
[Site "Predeal ROU"]
[Date "2007.10.19"]
[Round "7"]
[White "Biro,S"]
[Black "Motylev,A"]
[Result "0-1"]
[WhiteElo "2324"]
[BlackElo "2645"]

1.e4 c5 2.c3 Nf6 3.e5 Nd5 4.d4 cxd4 5.Nf3 Nc6 6.Bc4 Nb6 7.Bb3 d5 8.exd6 Qxd6
9.Na3 dxc3 10.Qxd6 exd6 11.Nb5 Rb8 12.bxc3 a6 13.Be3 axb5 14.Bxb6 Be6 15.O-O-O Be7
16.Rhe1 Kd7 17.Bd4 Rhg8 18.Kb2 Ra8 19.Rd2 Ra6 20.Rde2 Bc4 21.Rd2 Bxb3 22.axb3 b4
23.cxb4 Nxd4 24.Nxd4 Bf6 25.Red1 Rb6 26.Kb1 Rxb4 27.Nf5 Rxb3+ 28.Ka2 Rb6
29.Rxd6+ Rxd6 30.Rxd6+ Kc7 31.Rd3 Rd8 32.Rf3 Be5 33.h3 b5 34.Kb3 Rd2 35.Ne3 f6
36.Nc2 h5 37.g4 hxg4 38.hxg4 Kb6 39.Nb4 Rd4 40.Nd3 Rxg4 41.Re3 Bd6  0-1

[Event "TCh-ROU Superliga"]
[Site "Predeal ROU"]
[Date "2007.10.21"]
[Round "9"]
[White "Motylev,A"]
[Black "Iordachescu,V"]
[Result "1/2-1/2"]
[WhiteElo "2645"]
[BlackElo "2567"]

1.e4 e5 2.Nf3 Nf6 3.d4 Nxe4 4.Bd3 d5 5.Nxe5 Nd7 6.Nxd7 Bxd7 7.O-O Bd6 8.c4 c6
9.cxd5 cxd5 10.Nc3 Nxc3 11.bxc3 O-O 12.Qh5 g6 13.Qxd5 Qc7 14.Qf3 Qxc3 15.Bh6 Rfe8
16.Qf6 Bf8 17.Bxf8 Rxf8  1/2-1/2